000 00705cam a2200229 4500
001 2644490
003 ARRUPE
005 20150828111951.0
008 770715s1966 ctu 000 0 eng u
035 _a(OCoLC)ocm03118943
040 _cTUN
_dZCU
090 _aQC71
_b.H36 1966
100 1 _aHeisenberg, Werner,
_d1901-1976.
_913868
245 1 0 _aPhilosophic problems of nuclear science.
_c[Translated by F. C. Hayes]
260 _aLondon
_bFaber and Faber
_c1962
300 _a126 p.
_c18 cm.
500 _aTranslation of Wandlungen in den Grundlagen der Naturwissenschaft.
650 0 _aPhysics.
_xphilosophy
_919167
650 0 _aQuantum theory
_919168
942 _2lcc
_cMONOGRAPH
999 _c123187
_d123187